Statistics for Native Languages of The World's Most Famous People

Click here to take the quiz!

General Stats

  • This quiz has been taken 54 times
    (45 since last reset)
  • The average score is 26 of 36

Answer Stats

Answer% Correct
Dutch: He also taught himself French and English during his years as an art dealer in Paris and London.
95%
German: He also spoke English, French, Italian and Latin.
95%
Ancient Greek
95%
Italian
95%
Japanese
93%
German
93%
Arabic: During Muhammad's lifetime, there were dialects of spoken Arabic. Muhammad spoke in the dialect of Mecca, in the western Arabian peninsula, and it was in this dialect that the Quran was written
93%
French
91%
Spanish
91%
Cantonese: He also speaks Mandarin, English, and American Sign Language
91%
Russian
91%
Dutch: She wrote her diary in Dutch but she could also speak German.
88%
Egyptian: Tutankhamun probably primarily spoke a Middle- or Late-Egyptian variant of the Egyptian language
88%
Cantonese
88%
Romanian
86%
Dutch
86%
Hebrew
84%
Mongolian
84%
Georgian
84%
Danish
84%
Portuguese
81%
Spanish: Frida was born in Mexico
77%
Macedonian
77%
Norman French: He spoke a composite language now called Norman French
72%
Swedish
72%
Xhosa : He also spoke English
65%
Aramaic: Hebrew was the language of scholars and the scriptures. But Jesus's "everyday" spoken language would have been Aramaic.
63%
Urdu: She is also fluent in Pashto and English
58%
Albanian
56%
Old Norse
44%
Phoenician / Punic: He spoke the Carthaginian dialect of Phoenician, commonly called Punic. He certainly spoke Greek. And given that he spent most of his adult life fighting in Spain and then in Italy, he must have picked up some Iberian and Italic dialects, and quite likely Latin.
42%
Gujarati: He learned English as a Second Language and a South African dialect, Xhosa as a third.
42%
Lakota
35%
Hunnic / Gothic
33%
Pali / Magahi: Pali is a Middle Indo-Aryan liturgical language . It is the sacred language of Theravāda Buddhism
7%
Adamic: The Adamic language, according to Jewish tradition (as recorded in the midrashim) and some Christians, is the language spoken by Adam and Eve in the Garden of Eden
2%

Score Distribution

Percentile by Number Answered

Percent of People with Each Score

Your Score History

You have not taken this quiz since the last reset